[Event "Pardubice op"]
[Site "Pardubice"]
[Date "1992.??.??"]
[Round "2"]
[White "Freisler, Pavel"]
[Black "Matousek, Michal"]
[Result "1/2-1/2"]
[WhiteElo "2415"]
[BlackElo "2250"]
[PlyCount "60"]
[EventDate "1992.07.??"]
[EventType "swiss"]
[EventRounds "9"]
[EventCountry "CZE"]
[SourceTitle "EXT 2000"]
[Source "ChessBase"]
[SourceDate "1999.11.16"]
[SourceVersion "1"]
[SourceVersionDate "1999.11.16"]
[SourceQuality "1"]

1. Nf3 Nf6 2. c4 e6 3. g3 d5 4. Bg2 a6 5. b3 c5 6. cxd5 exd5 7. d4 cxd4 8. 0-0 Nc6 9. Nxd4 Be7 10. Ba3 0-0 11. Bxe7 Qxe7 12. Nc3 Qe5 13. Nxc6 bxc6 14. Rc1 Bb7 15. Na4 Rad8 16. Nc5 Bc8 17. Nd3 Qd6 18. Qc2 Qa3 19. Qb2 Qd6 20. Qc3 Rfe8 21. Rfe1 Qa3 22. Qb2 Qd6 23. Nc5 Ng4 24. Qd4 Qh6 25. h3 Nf6 26. h4 Rxe2 27. Nd3 Rxe1+ 28. Rxe1 Qd2 29. Bf1 Bf5 30. Qf4 Qxf4 1/2-1/2

[Event "Pardubice op"]
[Site "Pardubice"]
[Date "1992.??.??"]
[Round "5"]
[White "Matousek, Michal"]
[Black "Majzlan, Igor"]
[Result "1-0"]
[WhiteElo "2250"]
[BlackElo "2320"]
[PlyCount "33"]
[EventDate "1992.07.??"]
[EventType "swiss"]
[EventRounds "9"]
[EventCountry "CZE"]
[SourceTitle "EXT 2000"]
[Source "ChessBase"]
[SourceDate "1999.11.16"]
[SourceVersion "1"]
[SourceVersionDate "1999.11.16"]
[SourceQuality "1"]

1. e4 c5 2. Nf3 d6 3. d4 cxd4 4. Nxd4 Nf6 5. Nc3 a6 6. Bg5 e6 7. f4 Be7 8. Qf3 Qc7 9. 0-0-0 Nbd7 10. Bxf6 gxf6 11. Qh5 Nc5 12. f5 e5 13. Bc4 Bd8 14. Ne6 Nxe6 15. fxe6 b5 16. exf7+ Kd7 17. Qh6 1-0

[Event "Pardubice op"]
[Site "Pardubice"]
[Date "1992.??.??"]
[Round "7"]
[White "Matousek, Michal"]
[Black "Zurek, Milan"]
[Result "0-1"]
[WhiteElo "2250"]
[BlackElo "2385"]
[PlyCount "40"]
[EventDate "1992.07.??"]
[EventType "swiss"]
[EventRounds "9"]
[EventCountry "CZE"]
[SourceTitle "EXT 2000"]
[Source "ChessBase"]
[SourceDate "1999.11.16"]
[SourceVersion "1"]
[SourceVersionDate "1999.11.16"]
[SourceQuality "1"]

1. e4 d5 2. exd5 Nf6 3. Nc3 Nxd5 4. Nxd5 Qxd5 5. d4 Bf5 6. Nf3 e6 7. Be2 c6 8. 0-0 Be7 9. c4 Qd8 10. Be3 0-0 11. Qd2 Nd7 12. d5 exd5 13. cxd5 c5 14. d6 Bf6 15. Qd5 Be6 16. Qxb7 Rb8 17. Qxa7 Rxb2 18. Ba6 Qa5 19. Bd2 Rxd2 20. Nxd2 Bxa1 0-1

[Event "Pardubice op"]
[Site "Pardubice"]
[Date "1992.??.??"]
[Round "8"]
[White "Perevertkin, Vladimir Viktorovic"]
[Black "Matousek, Michal"]
[Result "1/2-1/2"]
[WhiteElo "2320"]
[BlackElo "2250"]
[PlyCount "126"]
[EventDate "1992.07.??"]
[EventType "swiss"]
[EventRounds "9"]
[EventCountry "CZE"]
[SourceTitle "EXT 2000"]
[Source "ChessBase"]
[SourceDate "1999.11.16"]
[SourceVersion "1"]
[SourceVersionDate "1999.11.16"]
[SourceQuality "1"]

1. d4 Nf6 2. c4 e6 3. g3 d5 4. Bg2 Bb4+ 5. Nd2 0-0 6. Qc2 c5 7. cxd5 Nxd5 8. dxc5 Qc7 9. a3 Bxc5 10. Qb3 b6 11. Ngf3 Ba6 12. Ne4 Be7 13. Bd2 Nd7 14. Rc1 Qb7 15. Nd4 Nc5 16. Qf3 Nxe4 17. Qxe4 Qd7 18. 0-0 Bf6 19. Rfe1 Rac8 20. e3 Rxc1 21. Rxc1 Rc8 22. h4 Qa4 23. Rxc8+ Bxc8 24. Bf3 Bxd4 25. Qxd4 Qxd4 26. exd4 Ba6 27. Kg2 Kf8 28. Be4 h6 29. g4 Bc4 30. Kg3 f6 31. Bg6 a5 32. Be4 Kf7 33. Bc2 Ne7 34. Bf4 Nc6 35. Bc7 Nxd4 36. Be4 a4 37. Bxb6 Ne2+ 38. Kf3 Ng1+ 39. Ke3 g5 40. hxg5 hxg5 41. Bc2 Bb5 42. b3 axb3 43. Bxb3 Ke7 44. a4 Bc6 45. a5 f5 46. a6 Kd6 47. a7 f4+ 48. Kd3 Nf3 49. Bd1 e5 50. Bd8 e4+ 51. Kc3 e3 52. fxe3 fxe3 53. Kd3 Ne5+ 54. Kxe3 Bg2 55. Bxg5 Nxg4+ 56. Kf4 Kc7 57. Kxg4 Kb7 58. Be3 Bc6 59. Kf4 Bd5 60. Ke5 Bg2 61. Kd6 Bh1 62. Kd7 Bc6+ 63. Kd8 Be4 1/2-1/2